000 00512nam a2200181Ia 4500
005 20250326124122.0
008 250326s9999 xx 000 0 und d
037 _aTextbook
040 _aFMSL
_beng
_cFMSL
041 _aeng
_2eng
084 _aX:26 L6
_qFMSL
100 _aHiggins L R
_9736812
245 0 _aCost reduction from A to Z
_cHiggins L R; Stidger R W
260 _aNew Delhi
_bNew Delhi, Tata McGraw-Hill
_c1976
300 _a507p
942 _cTB
_hX:26 L6
999 _c1272372
_d1272372